Formule 1 - Circuits 2024 - Statistiques

Statistiques générales
  • Ce quiz a été pris 435 fois
  • Le résultat moyen est 18 sur 24
Statistiques - réponses
Par images Réponse % Correct
Autodromo Nazionale Monza
90%
Baku City Circuit
89%
Circuit de Monaco
89%
Suzuka International Racing Course
85%
Circuit Silver Las Vegas
83%
Circuit de Spa-Francorchamps
82%
Jeddah Corniche Circuit
81%
Circuit de Barcelona-Catalunya
80%
Circuit International de Bahrein
80%
Shanghai international Circuit
80%
Lusail international Circuit
77%
Red Bull Ring
76%
Autódromo José Carlos Pace
74%
Marina Bay Street Circuit
74%
Yas Marina Circuit
72%
Melbourne Grand Prix Circuit
71%
Circuit Magyar Nagydij
70%
Miami International Autodrome
69%
Silverstone Circuit
69%
Autodromo Enzo e Dino Ferrari
66%
Autódromo Hermanos Rodríguez
66%
Circuit Gilles-Villeneuve
66%
Circuit Zandvoort
66%
Circuit of The Americas
65%
Aucun quiz correspondant
Distribution des résultats
% des personnes avec chaque résultat
Percentile par nombre de réponses
Votre historique - résultats
Vous n’avez pas pris ce quiz